Vplyv kvality vládnutia na daňovú medzeru

Vývoj daňovej medzery na DPH v krajinách Vyšehradskej štvorky (2000-2016). Vplyv kvality vládnutia na daňovú medzeru. Regresný model pre daňovú medzeru v ČR, Maďarsku, Poľsku a na Slovensku.

Uložené v:
Podrobná bibliografia
Hlavný autor: Olexová, Cecília, 1976-
Ďalší autori: Kudlová, Zuzana, 1986-
Médium: Kapitola
Jazyk:Slovak
Predmet:
Tagy: Pridať tag
Žiadne tagy, Buďte prvý, kto otaguje tento záznam!

MARC

LEADER 00000naa$a2200000$$$4500
001 0260980
005 20240502074136.9
041 0 |a slo 
044 |a SK 
245 1 0 |a Vplyv kvality vládnutia na daňovú medzeru  |c Cecília Olexová, Zuzana Kudlová 
520 |a Vývoj daňovej medzery na DPH v krajinách Vyšehradskej štvorky (2000-2016). Vplyv kvality vládnutia na daňovú medzeru. Regresný model pre daňovú medzeru v ČR, Maďarsku, Poľsku a na Slovensku. 
610 2 0 |a dane z hodnoty pridanej 
610 2 0 |a únik daňový 
610 2 0 |a Vyšehradská štvorka 
610 2 0 |a analýza regresná 
100 1 |a Olexová, Cecília, 1976- 
700 1 |a Kudlová, Zuzana, 1986-